| 000 | 00699nam a2200205 a 4500 | ||
|---|---|---|---|
| 005 | 20210223125437.0 | ||
| 008 | 040924s1989 mx r 000 0 spa d | ||
| 020 | _a9686677232 | ||
| 035 | _aUPN01000134858 | ||
| 049 | _aCG | ||
| 050 | 4 |
_aPN162 _bP6.6 |
|
| 100 | 1 | _aPlotnik, Arthur | |
| 245 | 1 | 4 |
_aLos elementos de la edición : _buna guía moderna para editores y periodistas / _cArthur Plotnik ; tr. Guadalupe Meza Staines de Gárate. |
| 260 |
_aMéxico : _bPubligrafics, _c1989. |
||
| 300 | _a194 p. | ||
| 534 |
_pTraducción de: _tThe elements of editing : a modern guide for editors and journalists |
||
| 650 | 4 |
_aEDICION _917094 |
|
| 650 | 4 |
_aPERIODISMO - _xEDICION _97131 |
|
| 905 | _aLibro | ||
| 999 |
_c107009 _d107009 |
||